000 00615nam a2200229Ia 4500
003 OSt
005 20220928142747.0
006 a|||||r|||| 00| 0
007 ta
008 220927b |||||||| |||| 00| 0 eng d
024 _a20039
037 _cTextual
040 _aSDCL
_cSDCL
_beng
041 _2eng
_aeng
082 _aW65.5'P, P0
100 _aFerrera Maurizio Ed.
_9503833
245 0 _aRecasting European welfare states
260 _c2000
700 _a Rhodes Martin Ed.
_9503834
942 _hW65.5'P, P0
_cTEXL
_2CC
999 _c822179
_d822179